{"text_format":"1","workbook":"xlsx","n_sheets":2,"sheets":["Данные","Лист1"],"not_rendered":{"charts":0,"images":0,"macros":1,"external_links":0,"defined_names":4,"comments":0,"pivot_tables":0},"unopened":[],"bounds":{"document_bytes":16777216,"sheet_cells":100000,"rows_first":2000,"rows_last":500,"rows_between":2000,"halvings":0,"cell_chars":16384,"cell_head_chars":4096},"cells_cut":0,"cells_raw":0,"read":"whole","date_system":"1900"}

{"sheet":"Данные","index":0,"n_rows":61,"n_cols":10,"rows_kept":61,"cut":false,"hidden":false,"merged":[[1,0,1,9]]}
[null,null,null,null,null,null,null,null,"Приложение №1"]
["Перечень актуальных и готовых к реализации невостребованных МТР"]
[]
["Наименование лота","Наименование ОГ","№ лота","№ позиции","Наименование неликвидных (НЛ) и невостребованных ликвидных (НВЛ) материалов","Ед. изм","Количество","Мин. цена реализации за ед., руб., без НДС ","Сумма, руб. без НДС","Место нахождения"]
["Присадки для масел","ПАО АНК \"Башнефть\" \"Башнефть-Новойл\"",1,1,"Пакет присадок К-483","Т",1.4,26850,{"$f":"H5*G5","v":37590},"450063, г. Уфа, ПАО АНК \"Башнефть\" \"Башнефть-Новойл\""]
["Присадки для масел","ПАО АНК \"Башнефть\" \"Башнефть-Новойл\"",1,2,"Пакет присадок К-483","Т",13.994999999999999,26850,375765.75,"450063, г. Уфа, ПАО АНК \"Башнефть\" \"Башнефть-Новойл\""]
["Присадки для масел","ПАО АНК \"Башнефть\" \"Башнефть-Новойл\"",1,3,"Пакет присадок К-483","Т",1.4,26850,37590,"450063, г. Уфа, ПАО АНК \"Башнефть\" \"Башнефть-Новойл\""]
["Присадки для масел","ПАО АНК \"Башнефть\" \"Башнефть-Новойл\"",1,4,"Присадка К-314","Т",0.121,40270,4872.67,"450063, г. Уфа, ПАО АНК \"Башнефть\" \"Башнефть-Новойл\""]
["Смазывающие материалы","ПАО АНК \"Башнефть\" \"Башнефть-Новойл\"",2,5,"Масло Kaeser VDL 150 (20л)","ШТ",1,1002.4,1002.4,"450063, г. Уфа, ПАО АНК \"Башнефть\" \"Башнефть-Новойл\""]
["Смазывающие материалы","ПАО АНК \"Башнефть\" \"Башнефть-Новойл\"",2,6,"Масло RN Compressor VDL 150 (20л)","ШТ",2,3464.6,6929.2,"450063, г. Уфа, ПАО АНК \"Башнефть\" \"Башнефть-Новойл\""]
["Смазывающие материалы","ПАО АНК \"Башнефть\" \"Башнефть-Новойл\"",2,7,"Масло Кп-8С","Т",0.7,59136,41395.199999999997,"450063, г. Уфа, ПАО АНК \"Башнефть\" \"Башнефть-Новойл\""]
["Смазывающие материалы","ПАО АНК \"Башнефть\" \"Башнефть-Новойл\"",2,8,"Масло ТСп-10","Т",8.5000000000000006E-2,51660,4391.1000000000004,"450063, г. Уфа, ПАО АНК \"Башнефть\" \"Башнефть-Новойл\""]
["Смазывающие материалы","ПАО АНК \"Башнефть\" \"Башнефть-Новойл\"",2,9,"Масло ТСп-10","Т",7.8E-2,51660,4029.48,"450063, г. Уфа, ПАО АНК \"Башнефть\" \"Башнефть-Новойл\""]
["Смазывающие материалы","ПАО АНК \"Башнефть\" \"Башнефть-Новойл\"",2,10,"Смазка Литол-24 (17,5кг)","ШТ",2,340,680,"450063, г. Уфа, ПАО АНК \"Башнефть\" \"Башнефть-Новойл\""]
["Смазывающие материалы","ПАО АНК \"Башнефть\" \"Башнефть-Новойл\"",2,11,"Смазка Литол-24 (17,5кг)","ШТ",1,340,340,"450063, г. Уфа, ПАО АНК \"Башнефть\" \"Башнефть-Новойл\""]
["Смазывающие материалы","ПАО АНК \"Башнефть\" \"Башнефть-Новойл\"",2,12,"Смазка Литол-24 (17,5кг)","ШТ",1,340,340,"450063, г. Уфа, ПАО АНК \"Башнефть\" \"Башнефть-Новойл\""]
["Смазывающие материалы","ПАО АНК \"Башнефть\" \"Башнефть-Новойл\"",2,13,"Смазка Литол-24 (17,5кг)","ШТ",1,340,340,"450063, г. Уфа, ПАО АНК \"Башнефть\" \"Башнефть-Новойл\""]
["Смазывающие материалы","ПАО АНК \"Башнефть\" \"Башнефть-Новойл\"",2,14,"Смазка Литол-24 (17,5кг)","ШТ",1,340,340,"450063, г. Уфа, ПАО АНК \"Башнефть\" \"Башнефть-Новойл\""]
["Смазывающие материалы","ПАО АНК \"Башнефть\" \"Башнефть-Новойл\"",2,15,"Смазка Солидол С","Т",6.0000000000000001E-3,16670,100.02,"450063, г. Уфа, ПАО АНК \"Башнефть\" \"Башнефть-Новойл\""]
["Смазывающие материалы","ПАО АНК \"Башнефть\" \"Башнефть-Новойл\"",2,16,"Смазка Солидол С","Т",3.7999999999999999E-2,16670,633.46,"450063, г. Уфа, ПАО АНК \"Башнефть\" \"Башнефть-Новойл\""]
["Смазывающие материалы","ПАО АНК \"Башнефть\" \"Башнефть-Новойл\"",2,17,"Смазка Солидол С","Т",0.08,16670,1333.6000000000001,"450063, г. Уфа, ПАО АНК \"Башнефть\" \"Башнефть-Новойл\""]
["Смазывающие материалы","ПАО АНК \"Башнефть\" \"Башнефть-Новойл\"",2,18,"Смазка Солидол С","Т",4.0000000000000001E-3,16670,66.680000000000007,"450063, г. Уфа, ПАО АНК \"Башнефть\" \"Башнефть-Новойл\""]
["Смазывающие материалы","ПАО АНК \"Башнефть\" \"Башнефть-Новойл\"",2,19,"Смазка Солидол С","Т",3.2000000000000001E-2,16670,533.44000000000005,"450063, г. Уфа, ПАО АНК \"Башнефть\" \"Башнефть-Новойл\""]
["Смазывающие материалы","ПАО АНК \"Башнефть\" \"Башнефть-Новойл\"",2,20,"Х Масло редуктор. Mobil SHC 600 (л)","Л",600,470,282000,"450063, г. Уфа, ПАО АНК \"Башнефть\" \"Башнефть-Новойл\""]
["Химреагенты, катализаторы","ПАО АНК \"Башнефть\" \"Башнефть-Новойл\"",3,21,"Канифоль сосновая марки А","КГ",100,136,13600,"450063, г. Уфа, ПАО АНК \"Башнефть\" \"Башнефть-Новойл\""]
["Химреагенты, катализаторы","ПАО АНК \"Башнефть\" \"Башнефть-Новойл\"",3,22,"Цеолит NaX, фракция 3,5мм","КГ",900,50,45000,"450063, г. Уфа, ПАО АНК \"Башнефть\" \"Башнефть-Новойл\""]
["Химреагенты, катализаторы","ПАО АНК \"Башнефть\" \"Башнефть-Новойл\"",3,23,"Цеолит NaX, фракция 3,5мм","КГ",100,50,5000,"450063, г. Уфа, ПАО АНК \"Башнефть\" \"Башнефть-Новойл\""]
["Химреагенты, катализаторы","ПАО АНК \"Башнефть\" \"Башнефть-Новойл\"",3,24,"Цеолит NaX, фракция 3,5мм","КГ",100,70,7000,"450063, г. Уфа, ПАО АНК \"Башнефть\" \"Башнефть-Новойл\""]
["Шары керамические","ПАО АНК \"Башнефть\" \"Башнефть-Новойл\"",4,25,"Шар фарфоровый Katalco 92-1F","КГ",290,190,55100,"450063, г. Уфа, ПАО АНК \"Башнефть\" \"Башнефть-Новойл\""]
["Шары керамические","ПАО АНК \"Башнефть\" \"Башнефть-Новойл\"",4,26,"Шары керамические (13 мм)","КГ",605,30,18150,"450063, г. Уфа, ПАО АНК \"Башнефть\" \"Башнефть-Новойл\""]
["Шары керамические","ПАО АНК \"Башнефть\" \"Башнефть-Новойл\"",4,27,"Шары керамические (13 мм)","КГ",225,30,6750,"450063, г. Уфа, ПАО АНК \"Башнефть\" \"Башнефть-Новойл\""]
["Шары керамические","ПАО АНК \"Башнефть\" \"Башнефть-Новойл\"",4,28,"Шары керамические (13 мм)","КГ",1500,30,45000,"450063, г. Уфа, ПАО АНК \"Башнефть\" \"Башнефть-Новойл\""]
["Шары керамические","ПАО АНК \"Башнефть\" \"Башнефть-Новойл\"",4,29,"Шары керамические (13 мм)","КГ",1100,30,33000,"450063, г. Уфа, ПАО АНК \"Башнефть\" \"Башнефть-Новойл\""]
["Шары керамические","ПАО АНК \"Башнефть\" \"Башнефть-Новойл\"",4,30,"Шары керамические (13 мм)","КГ",4900,30,147000,"450063, г. Уфа, ПАО АНК \"Башнефть\" \"Башнефть-Новойл\""]
["Шары керамические","ПАО АНК \"Башнефть\" \"Башнефть-Новойл\"",4,31,"Шары керамические (13 мм)","КГ",7370,30,221100,"450063, г. Уфа, ПАО АНК \"Башнефть\" \"Башнефть-Новойл\""]
["Шары керамические","ПАО АНК \"Башнефть\" \"Башнефть-Новойл\"",4,32,"Шары керамические (13 мм)","КГ",6700,30,201000,"450063, г. Уфа, ПАО АНК \"Башнефть\" \"Башнефть-Новойл\""]
["Шары керамические","ПАО АНК \"Башнефть\" \"Башнефть-Новойл\"",4,33,"Шары керамические (13 мм)","КГ",10575,30,317250,"450063, г. Уфа, ПАО АНК \"Башнефть\" \"Башнефть-Новойл\""]
["Шары керамические","ПАО АНК \"Башнефть\" \"Башнефть-Новойл\"",4,34,"Шары керамические (13 мм)","КГ",4000,30,120000,"450063, г. Уфа, ПАО АНК \"Башнефть\" \"Башнефть-Новойл\""]
["Шары керамические","ПАО АНК \"Башнефть\" \"Башнефть-Новойл\"",4,35,"Шары керамические (13 мм)","КГ",4500,30,135000,"450063, г. Уфа, ПАО АНК \"Башнефть\" \"Башнефть-Новойл\""]
["Шары керамические","ПАО АНК \"Башнефть\" \"Башнефть-Новойл\"",4,36,"Шары керамические (13 мм)","КГ",4000,30,120000,"450063, г. Уфа, ПАО АНК \"Башнефть\" \"Башнефть-Новойл\""]
["Шары керамические","ПАО АНК \"Башнефть\" \"Башнефть-Новойл\"",4,37,"Шары керамические (13 мм)","КГ",4000,30,120000,"450063, г. Уфа, ПАО АНК \"Башнефть\" \"Башнефть-Новойл\""]
["Шары керамические","ПАО АНК \"Башнефть\" \"Башнефть-Новойл\"",4,38,"Шары керамические (13 мм)","КГ",750,30,22500,"450063, г. Уфа, ПАО АНК \"Башнефть\" \"Башнефть-Новойл\""]
["Шары керамические","ПАО АНК \"Башнефть\" \"Башнефть-Новойл\"",4,39,"Шары керамические (13 мм)","КГ",1500,30,45000,"450063, г. Уфа, ПАО АНК \"Башнефть\" \"Башнефть-Новойл\""]
["Шары керамические","ПАО АНК \"Башнефть\" \"Башнефть-Новойл\"",4,40,"Шары керамические (13 мм)","КГ",1500,30,45000,"450063, г. Уфа, ПАО АНК \"Башнефть\" \"Башнефть-Новойл\""]
["Шары керамические","ПАО АНК \"Башнефть\" \"Башнефть-Новойл\"",4,41,"Шары керамические (13 мм)","КГ",9300,30,279000,"450063, г. Уфа, ПАО АНК \"Башнефть\" \"Башнефть-Новойл\""]
["Шары керамические","ПАО АНК \"Башнефть\" \"Башнефть-Новойл\"",4,42,"Шары керамические (13 мм)","КГ",9300,30,279000,"450063, г. Уфа, ПАО АНК \"Башнефть\" \"Башнефть-Новойл\""]
["Шары керамические","ПАО АНК \"Башнефть\" \"Башнефть-Новойл\"",4,43,"Шары керамические (13 мм)","КГ",1420,30,42600,"450063, г. Уфа, ПАО АНК \"Башнефть\" \"Башнефть-Новойл\""]
["Шары керамические","ПАО АНК \"Башнефть\" \"Башнефть-Новойл\"",4,44,"Шары керамические (13 мм)","КГ",100,30,3000,"450063, г. Уфа, ПАО АНК \"Башнефть\" \"Башнефть-Новойл\""]
["Шары керамические","ПАО АНК \"Башнефть\" \"Башнефть-Новойл\"",4,45,"Шары керамические (13 мм)","КГ",4900,30,147000,"450063, г. Уфа, ПАО АНК \"Башнефть\" \"Башнефть-Новойл\""]
["Шары керамические","ПАО АНК \"Башнефть\" \"Башнефть-Новойл\"",4,46,"Шары керамические (25 мм)","КГ",450,30,13500,"450063, г. Уфа, ПАО АНК \"Башнефть\" \"Башнефть-Новойл\""]
["Шары керамические","ПАО АНК \"Башнефть\" \"Башнефть-Новойл\"",4,47,"Шары керамические (25 мм)","КГ",170,30,5100,"450063, г. Уфа, ПАО АНК \"Башнефть\" \"Башнефть-Новойл\""]
["Шары керамические","ПАО АНК \"Башнефть\" \"Башнефть-Новойл\"",4,48,"Шары керамические 12мм","КГ",3315,30,99450,"450063, г. Уфа, ПАО АНК \"Башнефть\" \"Башнефть-Новойл\""]
["Шары керамические","ПАО АНК \"Башнефть\" \"Башнефть-Новойл\"",4,49,"Шары керамические 12мм","КГ",4000,30,120000,"450063, г. Уфа, ПАО АНК \"Башнефть\" \"Башнефть-Новойл\""]
["Шары керамические","ПАО АНК \"Башнефть\" \"Башнефть-Новойл\"",4,50,"Шары керамические 12мм","КГ",4900,30,147000,"450063, г. Уфа, ПАО АНК \"Башнефть\" \"Башнефть-Новойл\""]
["Шары керамические","ПАО АНК \"Башнефть\" \"Башнефть-Новойл\"",4,51,"Шары керамические 12мм","КГ",9465,30,283950,"450063, г. Уфа, ПАО АНК \"Башнефть\" \"Башнефть-Новойл\""]
["Шары керамические","ПАО АНК \"Башнефть\" \"Башнефть-Новойл\"",4,52,"Шары керамические 12мм","КГ",4000,30,120000,"450063, г. Уфа, ПАО АНК \"Башнефть\" \"Башнефть-Новойл\""]
["Шары керамические","ПАО АНК \"Башнефть\" \"Башнефть-Новойл\"",4,53,"Шары керамические 12мм","КГ",1270,30,38100,"450063, г. Уфа, ПАО АНК \"Башнефть\" \"Башнефть-Новойл\""]
["Шары керамические","ПАО АНК \"Башнефть\" \"Башнефть-Новойл\"",4,54,"Шары керамические 12мм","КГ",7405,30,222150,"450063, г. Уфа, ПАО АНК \"Башнефть\" \"Башнефть-Новойл\""]
["Шары керамические","ПАО АНК \"Башнефть\" \"Башнефть-Новойл\"",4,55,"Шары керамические 12мм","КГ",2540,30,76200,"450063, г. Уфа, ПАО АНК \"Башнефть\" \"Башнефть-Новойл\""]
["Шары керамические","ПАО АНК \"Башнефть\" \"Башнефть-Новойл\"",4,56,"Шары керамические 12мм","КГ",1130,30,33900,"450063, г. Уфа, ПАО АНК \"Башнефть\" \"Башнефть-Новойл\""]
["Шары керамические","ПАО АНК \"Башнефть\" \"Башнефть-Новойл\"",4,57,"Шары керамические 12мм","КГ",30,30,900,"450063, г. Уфа, ПАО АНК \"Башнефть\" \"Башнефть-Новойл\""]

{"sheet":"Лист1","index":1,"n_rows":0,"n_cols":0,"rows_kept":0,"cut":false,"hidden":false,"merged":[]}